000 00644nam a2200289Ia 4500
005 20260324132403.0
008 008 260324s9999 xx 000 0 eng d
020 _a9780203299593
037 _aEBOOK
040 _aCRL
040 _beng
040 _cCRL
041 _2eng
041 _aeng
084 _qCRL
100 _aHugo Dobson
_91186176
245 0 _aJapan and the G7/8
245 0 _b1975-2002
260 _bTaylor and Francis
260 _c2004
365 _a
365 _b240
856 _uhttp://www.taylorfrancis.com/books/9780203299593
942 _cEBOOK
999 _c1787161
_d1787161